000 00587nam a2200217Ia 4500
001 12434
003 GE_BSU
008 181216s||||||||xx |||||||||||||| ||und||
040 _cGE_BSU
080 _a633.2
100 _aСмелов,С.П.
245 _aТеоретические основы луговодства
245 _cРед.Е.С.Монова
260 _aМосква
260 _bКолос
260 _c1966
300 _a364стр.22см.
300 _eТаблицы
653 _aТеоретические основы луговодства
942 _cBK
999 _c45608
_d45608